000 00827nam a2200205 a 4500
005 20210219160349.0
008 081020s1989 mx r 000 0 spa d
035 _aUPN01000163941
049 _aUNE
080 _a159.953: 372 =20 MON No.4.
100 1 _aMontero- Sieburth, Martha
245 1 0 _aClassroom management: instructional strategies and the allocation of learningresources /
_cMartha Montero-Sieburth.
260 _aEstados Unidos de América :
_bHarvard University Institute for International Development,
_c1989.
300 _a31 p.
440 0 _aBRIDGES Research Report Series; 4
690 _aAprendizaje- Curriculo- Calidad de la educacion
710 2 _aBasic Research and Implementation in Developing Education Systems
710 2 _aBureau for Science and Technology Office Education
905 _aUNESCO
999 _c136054
_d136054